01134nam a2200205Ia 4500008004100000020001500041050001900056100005500075240007600130245014300206260005300349300001800402490006400420500008400484500003300568505024900601650002800850650001200878650003800890120626s1998 mx 000 0 spa d a9681608321 aBF23bJ83 2001 aJung, C. G. d1875-1961, eautorq (Carl Gustav),  aSymbolik des geistes. studien uber psychische phanomenologielespañol aSimbología del espíritub: Estudios sobre fonomenología psíquica c / Carl Gustav Jung; traducción de Matilde Rodríguez Cabo aMéxicob: Fondo de cultura económicac, 1998 a329 páginas aBiblioteca de psicología, psiquiatría y psicoanálisis aTítulo original: Symbolik des geistes. studien uber psychische phanomenologie aIncluye: Preámbulo (pp. 9- aAcerca de la fenomenología del espíritu en el cuentp El espíritu Mercurio La figura de Satanás en el antiguo testamento Ensayo para una interpretación psicológica del dogma de la trinidad Acerca de la meditación oriental 0aESPÍRITUxFILOSOFÍA 0aDIABLO  0aTRINIDADxSIMBOLOGÍA RELIGIOSA